[Event "Istanbul Open 2019"]
[Site "Istanbul"]
[Date "2019.08.31"]
[Round "7.10"]
[White "Makaraci, Tunahan"]
[Black "Ozdemir, Serhan Berat"]
[Result "1/2-1/2"]
[WhiteElo "2064"]
[BlackElo "1978"]
[Annotator "NA"]
[PlyCount "81"]
[EventDate "2019.08.26"]
[EventType "swiss"]
[EventCountry "TUR"]
[SourceTitle "playchess.com"]
[Source "ChessBase"]
[SourceQuality "1"]
[TimeControl "5400+30"]

1. e4 {[%emt 0:00:00]} c5 {[%emt 0:04:30]} 2. Nf3 {[%emt 0:00:00]} e6 {[%emt 0:00:30]} 3. c3 {[%emt 0:00:30]} Nf6 {[%emt 0:01:30]} 4. e5 {[%emt 0:00:30]} Nd5 {[%emt 0:00:30]} 5. d4 {[%emt 0:00:30]} cxd4 {[%emt 0:00:00]} 6. cxd4 {[%emt 0:00:00]} d6 {[%emt 0:02:00]} 7. Bc4 {[%emt 0:00:00]} Nc6 {[%emt 0:02:30]} 8. O-O {[%emt 0:00:30]} Be7 {[%emt 0:00:30]} 9. Qe2 {[%emt 0:00:30]} O-O {[%emt 0:01:30]} 10. Qe4 {[%emt 0:00:30]} Qc7 {[%emt 0:07:30]} 11. Na3 {[%emt 0:05:30] B22: Sicilian: 2 c3} (11. Bg5 dxe5 12. Bxe7 Ndxe7 13. dxe5 Ng6 14. Re1 Ncxe5 15. Nxe5 Nxe5 16. Qxe5 Qxc4 17. Nc3 b6 18. Re4 Qc6 {½-½ (42) Brandenburg,D (2503)-Fier,A (2581) Sarajevo 2010}) 11... dxe5 {[%emt 0:13:30]} 12. dxe5 $146 {[%emt 0:00:30]} ({Predecessor:} 12. Nb5 Qb6 13. dxe5 a6 14. Nc3 Nxc3 15. bxc3 Rd8 16. Ng5 g6 17. Qh4 h5 18. Qe4 Qc5 {1-0 (33) Ek,A (2222)-Bol,F (2194) Agen 2018}) 12... Rd8 {[%emt 0:01:30]} (12... Bxa3 $5 13. bxa3 Nce7 $14) 13. Nb5 {[%emt 0:04:30]} Qb8 {[%emt 0:02:30]} 14. Nc3 {[%emt 0:01:30]} (14. Rd1 $14) 14... Ncb4 {[%emt 0:02:30]} (14... Nxc3 $11 {remains equal.} 15. bxc3 Qc7) 15. Bg5 {[%emt 0:01:30]} Nxc3 {[%emt 0:15:30]} 16. bxc3 {[%emt 0:00:30]} Nd5 {[%emt 0:00:30]} 17. Rfd1 {[%emt 0:03:30]} Bd7 {[%emt 0:04:30]} 18. Bxd5 {[%emt 0:03:30]} exd5 {[%emt 0:00:00]} 19. Qxd5 {[%emt 0:00:30]} Bc6 {[%emt 0:01:00]} 20. Qxd8+ {[%emt 0:04:30]} Bxd8 {[%emt 0:00:30]} 21. Rxd8+ {[%emt 0:00:30]} Qxd8 {[%emt 0:00:00]} 22. Bxd8 {[%emt 0:00:00]} Rxd8 {[%emt 0:00:00]} 23. Nd4 {[%emt 0:00:00]} Rd5 {[%emt 0:03:30]} 24. f4 {[%emt 0:00:30]} Rc5 {[%emt 0:00:00]} 25. Rb1 {[%emt 0:08:30]} g5 {[%emt 0:04:00]} 26. fxg5 {[%emt 0:02:30]} Rxe5 {[%emt 0:01:30]} 27. h4 {[%emt 0:01:30]} Ra5 {[%emt 0:01:30]} 28. Nxc6 {[%emt 0:07:30]} bxc6 {[%emt 0:00:00]} 29. Rb2 {[%emt 0:00:30]} Kg7 {[%emt 0:00:00]} 30. Kf2 {[%emt 0:00:00]} Ra4 {[%emt 0:01:30]} 31. g3 {[%emt 0:01:00]} Rc4 {[%emt 0:00:30]} 32. Rb3 {[%emt 0:02:30]} Ra4 {[%emt 0:00:30]} 33. Rb2 $11 {[%emt 0:00:30]} ({White should play} 33. Ke3 $16) 33... Rc4 {[%emt 0:00:30]} 34. Rc2 {[%emt 0:00:00]} Kg6 {[%emt 0:01:30]} 35. Ke3 {[%emt 0:01:00]} f6 {[%emt 0:03:30]} 36. gxf6 {[%emt 0:00:30]} Kxf6 {[%emt 0:00:30]} 37. Rf2+ {[%emt 0:00:30]} Kg6 {[%emt 0:00:00]} 38. Kd3 {[%emt 0:00:30]} Rg4 {[%emt 0:00:00]} 39. Rf3 {[%emt 0:02:30]} Ra4 {[%emt 0:00:00]} 40. Rf2 {[%emt 0:01:30]} Rg4 {[%emt 0:00:00]} 41. Rf3 {[%emt 0:12:30]} 1/2-1/2

[Event "Istanbul Open 2019"]
[Site "Istanbul"]
[Date "2019.08.31"]
[Round "7.11"]
[White "Sar, Can"]
[Black "Annaberdiyev, Babageldi"]
[Result "1-0"]
[WhiteElo "2003"]
[BlackElo "2242"]
[Annotator "ChessBase"]
[PlyCount "127"]
[EventDate "2019.08.26"]
[EventType "swiss"]
[EventCountry "TUR"]
[SourceTitle "playchess.com"]
[Source "ChessBase"]
[SourceQuality "1"]
[TimeControl "5400+30"]

1. e4 {[%emt 0:00:30]} c5 {[%emt 0:00:30]} 2. Nf3 {[%emt 0:00:00]} Nc6 {[%emt 0:00:30]} 3. d4 {[%emt 0:00:00]} cxd4 {[%emt 0:00:00]} 4. Nxd4 {[%emt 0:00:30]} Nf6 {[%emt 0:00:00]} 5. Nc3 {[%emt 0:00:00]} e5 {[%emt 0:01:30]} 6. Ndb5 {[%emt 0:00:00]} d6 {[%emt 0:00:30]} 7. Bg5 {[%emt 0:00:00]} a6 {[%emt 0:00:00]} 8. Na3 {[%emt 0:00:00]} b5 {[%emt 0:00:00]} 9. Nd5 {[%emt 0:00:30]} Be7 {[%emt 0:00:30]} 10. Bxf6 {[%emt 0:00:30]} Bxf6 {[%emt 0:00:00]} 11. c4 {[%emt 0:00:00]} b4 {[%emt 0:00:00]} 12. Nc2 {[%emt 0:00:00]} a5 {[%emt 0:00:00]} 13. g3 {[%emt 0:00:00]} h5 {[%emt 0:00:00]} 14. h4 {[%emt 0:01:00]} g6 {[%emt 0:01:30]} 15. Bg2 {[%emt 0:00:30]} Bg7 {[%emt 0:03:30]} 16. Qd3 {[%emt 0:01:30]} O-O {[%emt 0:00:30]} 17. O-O {[%emt 0:00:00]} Rb8 {[%emt 0:01:30]} 18. Rad1 {[%emt 0:01:00]} Be6 {[%emt 0:08:30]} 19. b3 {[%emt 0:00:30]} Rb7 {[%emt 0:04:30]} 20. Rfe1 {[%emt 0:03:30]} Rd7 {[%emt 0:00:30]} 21. Qe3 {[%emt 0:04:30]} Nd4 {[%emt 0:03:30]} 22. Nxd4 {[%emt 0:06:30]} exd4 {[%emt 0:00:30]} 23. Qd2 {[%emt 0:00:30]} Ra7 {[%emt 0:04:30]} 24. Nf4 {[%emt 0:01:30]} Qb6 {[%emt 0:00:30]} 25. Ne2 {[%emt 0:05:30]} Bg4 {[%emt 0:01:30]} 26. Kh2 {[%emt 0:02:30]} d3 {[%emt 0:02:30]} 27. Nf4 {[%emt 0:08:30]} Bc3 {[%emt 0:02:30]} 28. Qxd3 {[%emt 0:00:30]} Bxd1 {[%emt 0:00:30]} 29. Rxd1 {[%emt 0:00:00]} Qxf2 {[%emt 0:05:30]} 30. Qxd6 {[%emt 0:01:00]} a4 {[%emt 0:00:30]} 31. e5 {[%emt 0:01:30]} axb3 {[%emt 0:00:30]} 32. axb3 {[%emt 0:01:30]} Ra2 {[%emt 0:13:30]} 33. e6 {[%emt 0:00:30]} Rd2 {[%emt 0:24:30]} 34. exf7+ {[%emt 0:00:30]} Rxf7 {[%emt 0:01:30]} 35. Qxg6+ {[%emt 0:00:30]} Kf8 {[%emt 0:00:30]} 36. Rxd2 {[%emt 0:02:30]} Qxd2 {[%emt 0:00:30]} 37. Qh6+ {[%emt 0:03:30]} Ke7 {[%emt 0:00:30]} 38. Qe6+ {[%emt 0:03:30]} Kf8 {[%emt 0:00:30]} 39. Qh6+ {[%emt 0:00:30]} Ke7 {[%emt 0:00:30]} 40. Qe6+ {[%emt 0:09:30]} Kf8 {[%emt 0:00:30]} 41. Qc8+ {[%emt 0:02:30]} Kg7 {[%emt 0:01:30]} 42. Nxh5+ {[%emt 0:01:30]} Kh7 {[%emt 0:00:30]} 43. Kh3 {[%emt 0:01:30]} Qd7+ {[%emt 0:01:39]} 44. Qxd7 {[%emt 0:00:30]} Rxd7 {[%emt 0:00:00]} 45. Bd5 {[%emt 0:00:30]} Ra7 {[%emt 0:01:22]} 46. Nf4 {[%emt 0:00:30]} Be5 {[%emt 0:04:59]} 47. Nd3 {[%emt 0:00:30]} Bb8 {[%emt 0:00:45]} 48. Nxb4 {[%emt 0:01:30]} Rg7 {[%emt 0:00:30]} 49. g4 {[%emt 0:00:30]} Re7 {[%emt 0:00:00]} 50. g5 {[%emt 0:00:30]} Re3+ {[%emt 0:00:37]} 51. Kg4 {[%emt 0:00:30]} Rxb3 {[%emt 0:00:29]} 52. Nc6 {[%emt 0:00:30]} Bd6 {[%emt 0:00:00]} 53. Nd4 {[%emt 0:00:00]} Rg3+ {[%emt 0:00:00]} 54. Kh5 {[%emt 0:00:00]} Bc5 {[%emt 0:01:31]} 55. Nf5 {[%emt 0:00:30]} Rg1 {[%emt 0:00:08]} 56. Bf7 {[%emt 0:00:30]} Ba3 {[%emt 0:01:24]} 57. Bd5 {[%emt 0:05:30]} Bc5 {[%emt 0:00:14]} 58. Be4 {[%emt 0:00:30]} Bf2 {[%emt 0:00:20]} 59. Nd4+ {[%emt 0:03:30]} Kg7 {[%emt 0:01:31]} 60. Ne6+ {[%emt 0:00:30]} Kf7 {[%emt 0:01:44]} 61. Bd5 {[%emt 0:00:00]} Rd1 {[%emt 0:06:12]} 62. g6+ {[%emt 0:00:00]} Kg8 {[%emt 0:00:30]} 63. Kh6 {[%emt 0:00:30]} Bxh4 {[%emt 0:00:04]} 64. Nd4+ {[%emt 0:01:30]} 1-0

[Event "Istanbul Open 2019"]
[Site "Istanbul"]
[Date "2019.08.31"]
[Round "7.12"]
[White "Bayramov, Elvin"]
[Black "Yarar, Muammer Atakan"]
[Result "1-0"]
[WhiteElo "2198"]
[BlackElo "1779"]
[Annotator "ChessBase"]
[PlyCount "93"]
[EventDate "2019.08.26"]
[EventType "swiss"]
[EventCountry "TUR"]
[SourceTitle "playchess.com"]
[Source "ChessBase"]
[SourceQuality "1"]
[TimeControl "5400+30"]

1. e4 {[%emt 0:00:30]} c6 {[%emt 0:01:30]} 2. c4 {[%emt 0:00:30]} d5 {[%emt 0:00:30]} 3. exd5 {[%emt 0:00:30]} cxd5 {[%emt 0:00:00]} 4. cxd5 {[%emt 0:01:30]} Nf6 {[%emt 0:00:00]} 5. Nc3 {[%emt 0:00:00]} a6 {[%emt 0:07:30]} 6. Qa4+ {[%emt 0:01:00]} Nbd7 {[%emt 0:01:30]} 7. Nf3 {[%emt 0:00:30]} g6 {[%emt 0:00:30]} 8. d6 {[%emt 0:04:30]} exd6 {[%emt 0:01:30]} 9. d4 {[%emt 0:00:00]} Bg7 {[%emt 0:02:30]} 10. Bf4 {[%emt 0:01:00]} O-O {[%emt 0:07:30]} 11. Be2 {[%emt 0:00:30]} d5 {[%emt 0:04:30]} 12. O-O {[%emt 0:00:30]} b5 {[%emt 0:01:30]} 13. Qb3 {[%emt 0:05:30]} Nb6 {[%emt 0:00:30]} 14. a4 {[%emt 0:00:30]} bxa4 {[%emt 0:00:30]} 15. Nxa4 {[%emt 0:00:00]} Nxa4 {[%emt 0:00:30]} 16. Rxa4 {[%emt 0:00:00]} a5 {[%emt 0:00:30]} 17. Rc1 {[%emt 0:01:30]} Bd7 {[%emt 0:02:30]} 18. Raa1 {[%emt 0:00:00]} Ra7 {[%emt 0:06:30]} 19. Bd6 {[%emt 0:07:00]} Re8 {[%emt 0:00:00]} 20. Bc5 {[%emt 0:02:30]} a4 {[%emt 0:01:00]} 21. Qa2 {[%emt 0:00:30]} Ra8 {[%emt 0:09:30]} 22. Ne5 {[%emt 0:01:30]} Bf8 {[%emt 0:02:30]} 23. Bxf8 {[%emt 0:01:30]} Rxf8 {[%emt 0:05:30]} 24. Bf3 {[%emt 0:00:30]} Be6 {[%emt 0:01:30]} 25. Rc6 {[%emt 0:02:30]} Qa5 {[%emt 0:02:30]} 26. Qa3 {[%emt 0:01:30]} Ne4 {[%emt 0:04:30]} 27. b4 {[%emt 0:08:30]} Qb5 {[%emt 0:00:30]} 28. Bxe4 {[%emt 0:01:30]} dxe4 {[%emt 0:00:30]} 29. Rc5 {[%emt 0:00:30]} Qb7 {[%emt 0:00:30]} 30. Qc3 {[%emt 0:01:30]} Rfd8 {[%emt 0:05:30]} 31. h4 {[%emt 0:04:30]} Rd5 {[%emt 0:04:30]} 32. h5 {[%emt 0:02:30]} Kg7 {[%emt 0:05:30]} 33. Ra3 {[%emt 0:02:30]} Rxc5 {[%emt 0:09:17]} 34. dxc5 {[%emt 0:01:30]} f6 {[%emt 0:00:01]} 35. Nc4 {[%emt 0:01:30]} Qd5 {[%emt 0:01:44]} 36. h6+ {[%emt 0:00:30]} Kxh6 {[%emt 0:01:57]} 37. Qc1+ {[%emt 0:04:30]} Qg5 {[%emt 0:01:13]} 38. Qxg5+ {[%emt 0:00:00]} Kxg5 {[%emt 0:00:15]} 39. Nd6 {[%emt 0:01:00]} Kf4 {[%emt 0:03:30]} 40. b5 {[%emt 0:01:30]} Ke5 {[%emt 0:00:34]} 41. b6 {[%emt 0:09:30]} Bb3 {[%emt 0:01:05]} 42. Nb5 {[%emt 0:04:30]} Rb8 {[%emt 0:01:36]} 43. Na7 {[%emt 0:02:30]} Rb7 {[%emt 0:01:51]} 44. Ra1 {[%emt 0:03:30]} Kd4 {[%emt 0:01:16]} 45. Rc1 {[%emt 0:04:30]} a3 {[%emt 0:00:30]} 46. Nb5+ {[%emt 0:00:30]} Kd3 {[%emt 0:03:31]} 47. Rc3+ {[%emt 0:00:30]} 1-0

[Event "Istanbul Open 2019"]
[Site "Istanbul"]
[Date "2019.08.31"]
[Round "7.13"]
[White "Rahimli, Ilkin"]
[Black "Caglar, Ahmet Ata"]
[Result "1/2-1/2"]
[WhiteElo "1992"]
[BlackElo "2055"]
[Annotator "NA"]
[PlyCount "88"]
[EventDate "2019.08.26"]
[EventType "swiss"]
[EventCountry "TUR"]
[SourceTitle "playchess.com"]
[Source "ChessBase"]
[SourceQuality "1"]
[TimeControl "5400+30"]

1. e4 {[%emt 0:00:00]} c5 {[%emt 0:10:30]} 2. f4 {[%emt 0:00:00]} d5 {[%emt 0:00:30]} 3. exd5 {[%emt 0:00:00]} Nf6 {[%emt 0:00:30]} 4. Bb5+ {[%emt 0:00:00]} Bd7 {[%emt 0:00:30]} 5. Bxd7+ {[%emt 0:00:30]} Qxd7 {[%emt 0:00:30]} 6. c4 {[%emt 0:00:30]} e6 {[%emt 0:00:30]} 7. Qe2 {[%emt 0:00:00]} Bd6 {[%emt 0:01:30]} 8. Nf3 {[%emt 0:00:00]} Bxf4 {[%emt 0:03:30]} 9. O-O {[%emt 0:00:00]} O-O {[%emt 0:00:30]} 10. dxe6 {[%emt 0:01:00]} fxe6 {[%emt 0:01:30]} 11. Nc3 {[%emt 0:01:30]} Nc6 {[%emt 0:01:30]} 12. d3 {[%emt 0:02:30]} Bxc1 {[%emt 0:14:30]} 13. Raxc1 {[%emt 0:00:00]} Nd4 {[%emt 0:02:30]} 14. Nxd4 {[%emt 0:12:00]} Qxd4+ {[%emt 0:00:00]} 15. Kh1 $11 {[%emt 0:00:30]} Ng4 {[%emt 0:03:00]} 16. Ne4 {[%emt 0:05:30]} Ne5 {[%emt 0:03:30]} 17. Nf2 {[%emt 0:40:30]} Rf5 {[%emt 0:12:30]} 18. g4 {[%emt 0:08:30]} Rf4 {[%emt 0:01:30]} 19. Rce1 {[%emt 0:01:30]} Raf8 {[%emt 0:03:30]} 20. Qxe5 {[%emt 0:01:30]} Qxe5 {[%emt 0:05:30]} 21. Rxe5 {[%emt 0:00:30]} Rxf2 {[%emt 0:00:30]} 22. Rxf2 {[%emt 0:00:30]} Rxf2 {[%emt 0:00:00]} 23. Rxc5 {[%emt 0:00:30]} Rxb2 {[%emt 0:00:00]} 24. a4 {[%emt 0:04:30]} Kf7 {[%emt 0:01:30]} 25. Rc7+ {[%emt 0:00:30]} Kg6 {[%emt 0:01:30]} 26. a5 {[%emt 0:05:35]} a6 {[%emt 0:04:30]} 27. h3 {[%emt 0:02:37]} h6 {[%emt 0:01:30]} 28. Kg1 {[%emt 0:00:44]} Kf6 {[%emt 0:10:39]} 29. Rd7 {[%emt 0:00:24]} Ra2 {[%emt 0:10:44]} 30. Rxb7 {[%emt 0:00:30]} Rxa5 {[%emt 0:00:30]} 31. Kf2 {[%emt 0:00:01]} Ra1 {[%emt 0:00:00]} 32. c5 {[%emt 0:01:21]} a5 {[%emt 0:00:00]} 33. Ke3 {[%emt 0:00:42]} a4 {[%emt 0:04:28]} 34. Kd4 {[%emt 0:00:14]} a3 {[%emt 0:01:00]} 35. Ra7 {[%emt 0:00:20]} a2 {[%emt 0:00:00]} 36. h4 {[%emt 0:00:55]} g6 {[%emt 0:00:30]} 37. c6 {[%emt 0:00:56]} h5 {[%emt 0:01:44]} 38. c7 {[%emt 0:00:38]} Rc1 {[%emt 0:00:36]} 39. Rxa2 {[%emt 0:00:11]} hxg4 {[%emt 0:00:05]} 40. Rf2+ {[%emt 0:01:11]} Ke7 {[%emt 0:01:00]} 41. Rg2 {[%emt 0:03:10]} Rxc7 {[%emt 0:00:30]} 42. Rxg4 {[%emt 0:00:00]} Kf6 {[%emt 0:00:11]} 43. Rf4+ {[%emt 0:00:35]} Ke7 {[%emt 0:00:00]} 44. Ke4 {[%emt 0:00:36]} Rc1 {[%emt 0:00:05]} 1/2-1/2

[Event "Istanbul Open 2019"]
[Site "Istanbul"]
[Date "2019.08.31"]
[Round "7.14"]
[White "Duran, Esma Doga"]
[Black "Demirbas, Emre"]
[Result "1-0"]
[WhiteElo "2051"]
[BlackElo "1879"]
[Annotator "NA"]
[PlyCount "83"]
[EventDate "2019.08.26"]
[EventType "swiss"]
[EventCountry "TUR"]
[SourceTitle "playchess.com"]
[Source "ChessBase"]
[SourceQuality "1"]
[TimeControl "5400+30"]

1. Nf3 {[%emt 0:00:30]} Nf6 {[%emt 0:00:30]} 2. g3 {[%emt 0:01:30]} b5 {[%emt 0:01:30]} 3. Bg2 {[%emt 0:00:30]} Bb7 {[%emt 0:00:00]} 4. O-O {[%emt 0:00:30]} e6 {[%emt 0:00:00]} 5. c4 {[%emt 0:04:30]} b4 {[%emt 0:07:30]} 6. d4 {[%emt 0:02:30]} Be7 {[%emt 0:01:30]} 7. a3 {[%emt 0:10:30]} a5 $14 {[%emt 0:15:30]} 8. Nbd2 {[%emt 0:19:30]} O-O {[%emt 0:04:30]} 9. Qc2 {[%emt 0:01:30]} c5 {[%emt 0:04:30]} 10. e4 {[%emt 0:19:30]} cxd4 {[%emt 0:13:30]} 11. e5 {[%emt 0:02:30]} Ne8 {[%emt 0:01:30]} 12. Nxd4 {[%emt 0:00:30]} Bxg2 {[%emt 0:00:30]} 13. Kxg2 {[%emt 0:00:30]} d6 {[%emt 0:04:30]} 14. axb4 {[%emt 0:03:30]} dxe5 {[%emt 0:01:30]} 15. Qe4 {[%emt 0:01:30]} Ra7 {[%emt 0:05:30]} 16. Nb5 {[%emt 0:03:30]} Rd7 {[%emt 0:00:00]} 17. bxa5 {[%emt 0:09:38]} Nf6 {[%emt 0:01:00]} 18. Qe2 {[%emt 0:07:12]} Na6 {[%emt 0:01:30]} 19. Nf3 {[%emt 0:02:29]} Qa8 {[%emt 0:04:30]} 20. Qxe5 {[%emt 0:04:12]} Rd3 {[%emt 0:01:30]} 21. Qe2 {[%emt 0:00:40]} Rfd8 {[%emt 0:00:00]} 22. Be3 {[%emt 0:01:53]} Ng4 {[%emt 0:01:00]} 23. Rfd1 {[%emt 0:01:20]} Ne5 {[%emt 0:00:30]} 24. Rxd3 {[%emt 0:00:30]} Rxd3 {[%emt 0:00:30]} 25. Nbd4 {[%emt 0:00:46]} g5 {[%emt 0:02:30]} 26. Kg1 {[%emt 0:00:37]} Nxf3+ {[%emt 0:00:30]} 27. Nxf3 {[%emt 0:00:07]} Qe4 {[%emt 0:00:30]} 28. Nd2 {[%emt 0:00:43]} Qf5 {[%emt 0:01:30]} 29. g4 {[%emt 0:00:19]} Rxe3 {[%emt 0:00:30]} 30. fxe3 {[%emt 0:00:30]} Qe5 {[%emt 0:00:30]} 31. Nf3 {[%emt 0:00:38]} Qe4 {[%emt 0:00:00]} 32. Nd4 {[%emt 0:00:13]} Bc5 {[%emt 0:01:00]} 33. Rd1 {[%emt 0:00:29]} h5 {[%emt 0:01:30]} 34. gxh5 {[%emt 0:00:35]} g4 {[%emt 0:00:30]} 35. Qf2 {[%emt 0:00:56]} Bd6 {[%emt 0:02:30]} 36. Nf5 {[%emt 0:00:32]} Bc5 {[%emt 0:00:30]} 37. Rd8+ {[%emt 0:00:46]} Kh7 {[%emt 0:00:30]} 38. Nd4 {[%emt 0:00:00]} f5 {[%emt 0:00:30]} 39. Rd7+ {[%emt 0:00:28]} Kg8 {[%emt 0:00:30]} 40. h6 {[%emt 0:00:44]} Nb4 {[%emt 0:00:30]} 41. h7+ {[%emt 0:00:37]} Kh8 {[%emt 0:00:30]} 42. Rd8+ {[%emt 0:00:00]} 1-0

[Event "Istanbul Open 2019"]
[Site "Istanbul"]
[Date "2019.08.31"]
[Round "7.15"]
[White "Ahmadov, Orkhan"]
[Black "Yalcinkaya, Efe"]
[Result "1/2-1/2"]
[WhiteElo "1615"]
[BlackElo "1542"]
[Annotator "NA"]
[PlyCount "78"]
[EventDate "2019.08.26"]
[EventType "swiss"]
[EventCountry "TUR"]
[SourceTitle "playchess.com"]
[Source "ChessBase"]
[SourceQuality "1"]
[TimeControl "5400+30"]

1. d4 {[%emt 0:00:30]} Nf6 {[%emt 0:00:30]} 2. c4 {[%emt 0:00:00]} g6 {[%emt 0:00:30]} 3. Nc3 {[%emt 0:00:00]} d5 {[%emt 0:00:00]} 4. cxd5 {[%emt 0:00:30]} Nxd5 {[%emt 0:00:00]} 5. e4 {[%emt 0:00:00]} Nxc3 {[%emt 0:00:00]} 6. bxc3 {[%emt 0:00:00]} Bg7 {[%emt 0:00:00]} 7. Bc4 {[%emt 0:00:00]} c5 {[%emt 0:00:30]} 8. Ne2 {[%emt 0:00:00]} O-O {[%emt 0:00:30]} 9. Be3 {[%emt 0:00:00]} Nc6 {[%emt 0:00:30]} 10. h4 {[%emt 0:00:00]} h5 {[%emt 0:03:30]} 11. f3 {[%emt 0:03:30]} Qa5 {[%emt 0:03:30]} 12. Kf2 {[%emt 0:08:30]} Rd8 {[%emt 0:07:30]} 13. Qb3 {[%emt 0:18:30]} cxd4 {[%emt 0:09:30]} 14. Bxf7+ {[%emt 0:03:30]} Kh7 {[%emt 0:01:30]} 15. cxd4 {[%emt 0:02:30]} Nxd4 {[%emt 0:02:30]} 16. Nxd4 {[%emt 0:05:30]} Rxd4 {[%emt 0:01:30]} 17. Rad1 {[%emt 0:21:30]} Rb4 {[%emt 0:08:30]} 18. Qd5 {[%emt 0:04:30]} Rb2+ {[%emt 0:02:30]} 19. Rd2 {[%emt 0:08:30]} Rxd2+ {[%emt 0:04:30]} 20. Bxd2 {[%emt 0:01:30]} Qb6+ {[%emt 0:01:30]} 21. Be3 {[%emt 0:02:07]} Qb2+ {[%emt 0:00:30]} 22. Qd2 {[%emt 0:07:00]} Qxd2+ {[%emt 0:01:30]} 23. Bxd2 {[%emt 0:00:02]} Bd7 {[%emt 0:02:30]} 24. Rc1 {[%emt 0:06:43]} Bc6 {[%emt 0:01:30]} 25. Bg5 {[%emt 0:01:24]} Rd8 {[%emt 0:02:30]} 26. Rc2 {[%emt 0:01:25]} Rd3 {[%emt 0:11:30]} 27. Rd2 {[%emt 0:02:19]} Rxd2+ {[%emt 0:01:30]} 28. Bxd2 {[%emt 0:00:02]} Bf6 {[%emt 0:00:30]} 29. Bg5 {[%emt 0:01:29]} Kg7 {[%emt 0:00:30]} 30. Bb3 {[%emt 0:00:32]} Bd4+ {[%emt 0:01:30]} 31. Be3 {[%emt 0:02:15]} Bxe3+ {[%emt 0:01:30]} 32. Kxe3 {[%emt 0:00:30]} e5 {[%emt 0:00:30]} 33. g3 {[%emt 0:00:00]} Kf6 {[%emt 0:00:30]} 34. f4 {[%emt 0:00:00]} b5 {[%emt 0:01:30]} 35. a3 {[%emt 0:00:28]} a5 {[%emt 0:01:30]} 36. Bc2 {[%emt 0:01:28]} Bb7 {[%emt 0:02:30]} 37. Bb3 {[%emt 0:01:02]} Bc6 {[%emt 0:00:00]} 38. Bc2 {[%emt 0:01:09]} Bb7 {[%emt 0:00:00]} 39. Bb3 {[%emt 0:00:30]} Bc6 {[%emt 0:00:00]} 1/2-1/2

[Event "Istanbul Open 2019"]
[Site "Istanbul"]
[Date "2019.08.31"]
[Round "7.16"]
[White "Ulas, Berkay"]
[Black "Pektas, Gokdeniz"]
[Result "0-1"]
[WhiteElo "1628"]
[BlackElo "1652"]
[Annotator "NA"]
[PlyCount "122"]
[EventDate "2019.08.26"]
[EventType "swiss"]
[EventCountry "TUR"]
[SourceTitle "playchess.com"]
[Source "ChessBase"]
[SourceQuality "1"]
[TimeControl "5400+30"]

1. e4 {[%emt 0:01:30]} c5 {[%emt 0:03:30]} 2. Nf3 {[%emt 0:00:30]} Nc6 {[%emt 0:00:30]} 3. Bb5 {[%emt 0:01:30]} Qc7 {[%emt 0:03:30]} 4. O-O {[%emt 0:00:30]} g6 {[%emt 0:01:30]} 5. Re1 {[%emt 0:01:30]} Bg7 {[%emt 0:00:30]} 6. c3 {[%emt 0:00:30]} a6 {[%emt 0:01:30]} 7. Bxc6 {[%emt 0:00:30]} dxc6 {[%emt 0:00:30]} 8. h3 {[%emt 0:00:30]} c4 {[%emt 0:00:30]} 9. d3 {[%emt 0:02:30]} cxd3 {[%emt 0:00:30]} 10. Qxd3 {[%emt 0:00:30]} Nf6 {[%emt 0:00:30]} 11. e5 {[%emt 0:04:30]} Bf5 {[%emt 0:01:30]} 12. Qe2 {[%emt 0:01:30]} Nd5 {[%emt 0:00:30]} 13. Nd4 {[%emt 0:00:30]} Qc8 {[%emt 0:02:30]} 14. e6 {[%emt 0:07:30]} Bxe6 {[%emt 0:01:30]} 15. Nxe6 {[%emt 0:00:30]} Qxe6 {[%emt 0:00:00]} 16. Qxe6 {[%emt 0:00:30]} fxe6 {[%emt 0:00:00]} 17. Rxe6 {[%emt 0:00:30]} Kf7 {[%emt 0:00:00]} 18. Re1 {[%emt 0:02:30]} b5 {[%emt 0:01:00]} 19. Na3 {[%emt 0:14:30]} Nb6 {[%emt 0:00:30]} 20. Bg5 {[%emt 0:02:30]} Rhe8 {[%emt 0:00:30]} 21. Rac1 {[%emt 0:08:30]} Na4 {[%emt 0:00:30]} 22. Rc2 {[%emt 0:02:30]} Rad8 {[%emt 0:00:30]} 23. Nb1 {[%emt 0:00:30]} h6 {[%emt 0:00:00]} 24. Be3 {[%emt 0:02:30]} Rd3 {[%emt 0:00:00]} 25. b3 {[%emt 0:04:30]} Nxc3 {[%emt 0:00:30]} 26. Nxc3 {[%emt 0:00:30]} Bxc3 {[%emt 0:00:30]} 27. Rec1 {[%emt 0:00:00]} b4 {[%emt 0:00:00]} 28. Bxh6 {[%emt 0:00:00]} Red8 {[%emt 0:00:00]} 29. Re2 {[%emt 0:01:30]} R8d5 {[%emt 0:03:30]} 30. Rcc2 {[%emt 0:03:30]} R3d4 {[%emt 0:03:30]} 31. Bc1 {[%emt 0:04:30]} c5 {[%emt 0:16:30]} 32. Bb2 {[%emt 0:06:30]} Rd1+ {[%emt 0:01:30]} 33. Kh2 {[%emt 0:00:30]} R5d3 {[%emt 0:00:00]} 34. Re4 {[%emt 0:04:30]} R1d2 {[%emt 0:09:00]} 35. Re2 {[%emt 0:00:30]} Rxe2 {[%emt 0:02:30]} 36. Rxe2 {[%emt 0:00:30]} Bxb2 {[%emt 0:00:30]} 37. Rxb2 {[%emt 0:00:30]} a5 {[%emt 0:00:00]} 38. g3 {[%emt 0:02:32]} Ke6 {[%emt 0:04:00]} 39. Re2+ {[%emt 0:01:06]} Kd6 {[%emt 0:00:30]} 40. Kg2 {[%emt 0:00:30]} e5 {[%emt 0:00:00]} 41. Kf1 {[%emt 0:00:26]} a4 {[%emt 0:04:00]} 42. bxa4 {[%emt 0:08:17]} c4 {[%emt 0:00:30]} 43. Rc2 {[%emt 0:00:36]} c3 {[%emt 0:00:30]} 44. Ke2 {[%emt 0:01:01]} e4 {[%emt 0:00:30]} 45. h4 {[%emt 0:01:35]} Kc5 {[%emt 0:00:00]} 46. Ke1 {[%emt 0:01:53]} Kc4 {[%emt 0:00:00]} 47. Re2 {[%emt 0:01:13]} Rd4 {[%emt 0:00:30]} 48. a5 {[%emt 0:00:47]} b3 {[%emt 0:00:30]} 49. axb3+ {[%emt 0:03:39]} Kxb3 {[%emt 0:00:00]} 50. a6 {[%emt 0:01:47]} c2 {[%emt 0:00:00]} 51. Rxc2 {[%emt 0:00:00]} Kxc2 {[%emt 0:00:30]} 52. Ke2 {[%emt 0:00:00]} Ra4 {[%emt 0:00:30]} 53. Ke3 {[%emt 0:00:28]} Kd1 {[%emt 0:00:30]} 54. a7 {[%emt 0:00:11]} Ke1 {[%emt 0:00:00]} 55. f4 {[%emt 0:00:01]} exf3 {[%emt 0:00:00]} 56. Kxf3 {[%emt 0:00:30]} Rxa7 {[%emt 0:00:30]} 57. Kf4 {[%emt 0:00:30]} Ra5 {[%emt 0:00:00]} 58. g4 {[%emt 0:00:00]} Kf2 {[%emt 0:00:00]} 59. g5 {[%emt 0:00:02]} Kg2 {[%emt 0:00:30]} 60. h5 {[%emt 0:00:56]} Ra4+ {[%emt 0:00:30]} 61. Ke5 {[%emt 0:00:30]} gxh5 {[%emt 0:00:00]} 0-1